000
00335nam a22001457a 4500
003
OSt
008
240830b |||||||| |||| 00| 0 eng d
020
_a
9788123017518
082
_a
635.9647
_b
JIL
100
_a
JINDAL, S.L
245
_a
Lawns and Gardens
260
_a
New Delhi:
_b
MIABGI,
_c
2013.
300
_a
186p.
942
_2
ddc
_c
BK
999
_c
12867
_d
12867